书目信息 |
| 题名: |
特种水产养殖技术
|
|
| 作者: | 杨月琴 主编 | |
| 分册: | ||
| 出版信息: | 杭州 浙江大学出版社 1986.02 |
|
| 页数: | 321页 | |
| 开本: | 32开 | |
| 丛书名: | ||
| 单 册: | ||
| 中图分类: | S965 | |
| 科图分类: | ||
| 主题词: | 水产养殖--技术 | |
| 电子资源: | ||
| ISBN: | ||
| 000 | 00542nam0 2200193 45 | |
| 001 | 0006191731 | |
| 005 | 20000619171809.8 | |
| 010 | @d1.80元 | |
| 100 | @a20000619d1986 km y0chiy0120 ea | |
| 101 | 0 | @achi |
| 105 | @a z 000yy | |
| 200 | 1 | @a特种水产养殖技术@ATe Zhong Shui Chan Yang Zhi Ji Shu@f杨月琴主编@FYang Yue Qin Zhu Bian |
| 210 | @a杭州@c浙江大学出版社@d1986.02 | |
| 215 | @a321页@d32开 | |
| 606 | 0 | @a水产养殖@x技术 |
| 690 | @aS965@v3 | |
| 701 | 0 | @a杨月琴@4主编 |
| 801 | @aCN@bPftUser@c20000619 | |
| 905 | @b208166@dS965@eY695@f1 | |
| 特种水产养殖技术/杨月琴主编.-杭州:浙江大学出版社,1986.02 |
| 321页;32开 |
| ISBN :1.80元 |
| ● |
| 相关链接 |
|
|
|
正题名:特种水产养殖技术
索取号:S965/Y695
 
预约/预借
| 序号 | 登录号 | 条形码 | 馆藏地/架位号 | 状态 | 备注 |
| 1 | 208166 | 202081665 | 自科库401/401自科库 2排3列2层/ [索取号:S965/Y695] | 在馆 |